Glanville Williams : learning the law (Thirteenth edition) (Record no. 44594)

MARC details
000 -LEADER
fixed length control field 00798nam a2200193 a 4500
008 - FIXED-LENGTH DATA ELEMENTS--GENERAL INFORMATION
fixed length control field 210506s2006 ||||||||||||||||| || u
020 ## - INTERNATIONAL STANDARD BOOK NUMBER
International Standard Book Number 9780421925502
050 ## - LIBRARY OF CONGRESS CALL NUMBER
Classification number KD 230 Wil
100 ## - MAIN ENTRY--PERSONAL NAME
Personal name Williams, Glanville
245 10 - TITLE STATEMENT
Title Glanville Williams : learning the law (Thirteenth edition)
Statement of responsibility, etc. Edited by A.T.H. Smith
250 ## - EDITION STATEMENT
Edition statement Thirteenth edition
260 ## - PUBLICATION, DISTRIBUTION, ETC.
Place of publication, distribution, etc. London
Name of publisher, distributor, etc. Sweet and Maxwell
Date of publication, distribution, etc. 2006
300 ## - PHYSICAL DESCRIPTION
Extent xiii, 293 pages : illustrations
650 ## - SUBJECT ADDED ENTRY--TOPICAL TERM
Topical term or geographic name entry element PRACTICE OF LAW--GREAT BRITAIN
650 ## - SUBJECT ADDED ENTRY--TOPICAL TERM
Topical term or geographic name entry element LEGAL RESEARCH--GREAT BRITAIN
650 ## - SUBJECT ADDED ENTRY--TOPICAL TERM
Topical term or geographic name entry element LAW STUDY AND TEACHING--GREAT BRITAIN
650 ## - SUBJECT ADDED ENTRY--TOPICAL TERM
Topical term or geographic name entry element LAW INTERPRETATION AND CONSTRUCTION
995 ## - RECOMMENDATION 995 [LOCAL, UNIMARC FRANCE]
-- 90.19
-- CBU-MAIN LIBRARY (Kitwe)
-- 1
-- AVAILABLE
-- May 6, 2021
-- Main Library Open Access Collection
Holdings
Withdrawn status Lost status Source of classification or shelving scheme Damaged status Not for loan Home library Current library Shelving location Date acquired Total Checkouts Full call number Barcode Date last seen Price effective from Koha item type
          CBU-MAIN LIBRARY, KITWE. CBU-MAIN LIBRARY, KITWE.   11/30/2022   KD 230 Wil 751052 11/30/2022 11/30/2022 MONOGRAPH